000 00761cas a22002175a 4500
001 ##L113690
005 20260316105855.0
008 010718c2000 xxkqr p 0 a0eng u
022 0 _a0039-6265
035 _a(Sirsi) u113690
041 0 _aeng
110 2 _aCommonwealth Association of Surveying and Land Economy
_92570
245 0 0 _aCASLE Newsletter
260 _aBristol
_bCASLE
_c1990-2020
362 _a(18) September 2000-
520 _aPhysical copies for issues 1 (October 1990) to issue 34 (March 2009). Then print outs of e-newsletter for April 2105 to Jan 2020.
651 4 _aInternational
690 _aPROPERTY
856 4 1 _uhttps://www.casle.org/
_zView the latest CASLE Newsletter free of charge at www.casle.org...
942 _n0
_2ddc
999 _c118744
_d118744